| 000 -LEADER |
| fixed length control field |
00803nam a2200253 4500 |
| 001 - CONTROL NUMBER |
| control field |
22443 |
| 003 - CONTROL NUMBER IDENTIFIER |
| control field |
BD-DhUAP |
| 005 - DATE AND TIME OF LATEST TRANSACTION |
| control field |
20240828131319.0 |
| 008 - FIXED-LENGTH DATA ELEMENTS--GENERAL INFORMATION |
| fixed length control field |
240828b2022 nju||||| |||| 001 0beng d |
| 020 ## - INTERNATIONAL STANDARD BOOK NUMBER |
| International Standard Book Number |
9781119787051 |
| 020 ## - INTERNATIONAL STANDARD BOOK NUMBER |
| Canceled/invalid ISBN |
9781119787006 |
| 040 ## - CATALOGING SOURCE |
| Original cataloging agency |
BD-DhUAP |
| Language of cataloging |
Eng |
| Description conventions |
BD-DhUAP |
| Transcribing agency |
BD-DhUAP |
| Modifying agency |
BD-DhUAP |
| 082 ## - DEWEY DECIMAL CLASSIFICATION NUMBER |
| Classification number |
657.48 WEY |
| Edition number |
23 |
| 100 1# - MAIN ENTRY--PERSONAL NAME |
| Personal name |
Weygandt, Jerry J., |
| Relator term |
author. |
| 245 10 - TITLE STATEMENT |
| Title |
Financial accounting with international financial reporting standards / |
| Statement of responsibility, etc. |
Jerry J. Weygandt, PhD, CPA, Paul D. Kimmel, PhD, CPA. |
| 250 ## - EDITION STATEMENT |
| Edition statement |
Fifth edition. |
| 263 ## - PROJECTED PUBLICATION DATE |
| Projected publication date |
2208 |
| 264 #1 - PRODUCTION, PUBLICATION, DISTRIBUTION, MANUFACTURE, AND COPYRIGHT NOTICE |
| Place of production, publication, distribution, manufacture |
Hoboken, NJ : |
| Name of producer, publisher, distributor, manufacturer |
Wiley, |
| Date of production, publication, distribution, manufacture, or copyright notice |
2022 . |
| 300 ## - PHYSICAL DESCRIPTION |
| Extent |
xxi,G-28,pages |
| Dimensions |
28 cm. |
| 504 ## - BIBLIOGRAPHY, ETC. NOTE |
| Bibliography, etc. note |
Includes index & Bibliography. |
| 650 ## - SUBJECT ADDED ENTRY--TOPICAL TERM |
| Topical term or geographic name entry element |
Financial accounting. |
| 700 1# - ADDED ENTRY--PERSONAL NAME |
| Personal name |
Kimmel, Paul D., |
| Relator term |
author. |
| 942 ## - ADDED ENTRY ELEMENTS (KOHA) |
| Source of classification or shelving scheme |
|
| Koha item type |
Book |